Certification schemes for all timber and timber products

Bibliographic Details
Main Author: BAHARUDDIN Haji Ghazali
Corporate Author: International Tropical Timber Organization (ITTO)
Other Authors: Simula
Format: Book
Published: Yokohama : ITTO , 1994
Subjects:

MARC

LEADER 00000cam a2200000 7i4500
001 0000001533
005 20010730.0
090 0 0 |a 338.17498BAH 1994 
100 0 0 |a BAHARUDDIN Haji Ghazali   |f Dato' 
245 1 0 |a Certification schemes for all timber and timber products   |c prepared by Baharuddin Haji Ghazali and Markku Simula 
260 0 0 |a Yokohama :   |b ITTO ,   |c 1994 
300 |a xvi, 161 p. ;   |c 30 cm. 
500 0 0 |a Bibliography : p. 108-113 
650 0 0 |a Timber   |x Certification 
650 0 0 |a Timber   |x Economic aspects 
700 0 1 |a Simula   |h Markku 
710 1 1 |a International Tropical Timber Organization (ITTO) 
998 |a JPSM 
999 |a 0000002955   |b Monograph   |c Open Shelf   |e Default branch